|
|
|
|
| LEADER |
00857nam a2200217 a 4500 |
| 001 |
000640908 |
| 003 |
CZ BrMZK |
| 005 |
20021209133559.0 |
| 007 |
ta |
| 008 |
021209s1928 xr f ger d |
| 040 |
|
|
|a BOA001
|b cze
|c BOA001
|
| 100 |
1 |
|
|a Neuhöfer, Rudolf,
|d 1876-1945
|7 jk01090031
|4 aut
|
| 245 |
1 |
4 |
|a Das Mittelschulwesen auf der Ausstellung für zeitgenossische Kultur in Brünn 1928 /
|c Rudolf Neuhöfer ; Übersetzung von Richard Schronberlz
|
| 260 |
|
|
|a Prag :
|b Mittelschul-Ausstellungs-Komitee,
|c 1928
|
| 300 |
|
|
|a 20 s.
|
| 563 |
|
|
|a Dar, A. Laurin 1931
|
| 700 |
1 |
|
|a Schronbelz, Richard
|4 trl
|
| 910 |
|
|
|a BOA001
|b 1-0121.410
|
| 990 |
|
|
|a BK
|
| 996 |
6 |
|
|b 2619470140
|c 1-0121.410
|l MZK
|r Sklad / do 1 hodiny
|n 0
|w 000640908
|u 000020
|a 1
|e BOA001
|j MZK50
|s P
|
| 996 |
7 |
|
|b 2619470141
|c 1-0121.410
|l MZK
|r Sklad / do 1 hodiny
|n 1
|w 000640908
|u 000010
|a 1
|e BOA001
|j MZK50
|s A
|